Biblioteca

Las iglesias que los apóstoles nos dejaron / Raymond E. Brown ; traducido por Pedro Jaramillo (Registro nro. 45008)

Detalles MARC
000 -LÍDER
Campo fijo de descripción fija 014900000a22002410004500
020 ## - NÚMERO INTERNACIONAL NORMALIZADO PARA LIBROS
Número Internacional Normalizado del libro 84-330-0691-6
082 04 - NÚMERO DE CLASIFICACIÓN DECIMAL DEWEY
Número de clasificación G 270.1 B87717i
001 - NÚMERO DE CONTROL
Campo de control 18592
100 1# - ASIENTO PRINCIPAL--NOMBRE PERSONAL
Nombre personal Brown, Raymond E.
245 10 - TÍTULO
Título del Material Las iglesias que los apóstoles nos dejaron / Raymond E. Brown ; traducido por Pedro Jaramillo
250 ## - MENCIÓN DE EDICIÓN
Mención de edición Cuarta edición
260 ## - PUBLICACIÓN, DISTRIBUCIÓN, ETC. (PIE DE IMPRENTA)
Lugar de publicación, distribución, etc. Bilbao, España : Desclée De Brouwer
300 ## - DESCRIPCIÓN FÍSICA
Extensión 205 páginas
336 ## - CONTENT TYPE
Content type term texto
Content type code txt
Source rdacontent
337 ## - MEDIA TYPE
Source rdamedia
Media type term sin mediación
Media type code n
338 ## - CARRIER TYPE
Source rdacarrier
Carrier type term volumen
Carrier type code nc
500 ## - NOTA GENERAL
Nota General Título original en inglés: The churches the apostles left behind
501 ## - NOTA DE “CON”
Nota de Contenido Rústico
505 00 - NOTA DE CONTENIDO
Nota de contenido con formato preestablecido La era sub-apostólica en el Nuevo Testamento -- La tradición paulina en las Pastorales: la importancia de la estructura eclesial -- La tradición paulina en Colosenses/Efesios: Amar a la iglesia como Cuerpo de Cristo -- La tradición paulina en Lucas/Hechos: La Iglesia y el Espíritu -- La tradición petrina en 1 Pedro: La Iglesia como pueblo de Dios -- La tradición el Discípulo Amado en el cuarto evangelio: Una comunidad de personas unidas individualmente a Jesús -- La tradición del Discípulo Amado en las cartas de Juan: Una comunidad de personas guiadas por el Espíritu Santo -- La tradición de la cristiandad judeo-gentil en Mateo: Autoridad que no sustituye a Jesús
650 14 - ASIENTO SECUNDARIO DE MATERIA - TERMINO TEMÁTICO
Término temático o nombre geográfico como elemento de entrada Apóstoles \ Nuevo Testamento \ Iglesia - Historia \ Comunidad
942 ## - TIPO DE MATERIAL (KOHA)
Tipo de Item KOHA Libros General
Existencias
Estado de Material Estado de Perdido Estado de Dañado No para Préstamo Colección Tomo Biblioteca de Origen Biblioteca Permanente Fecha de Adquisición Total de Préstamos Signatura Topográfica Código de Barras Última vez visto Ejemplar/Existencia Fecha de Remplazo Tipo de Material
        Colección General   Biblioteca FUSBC Biblioteca FUSBC 04/09/2014   G 270.1 B87717i 18561 12/12/2019 1 26/01/2016 Libros General

Biblioteca FUSBC | Teléfono: (57+4) 349 88 10 Ext. 141| WhatsApp (+57) 3005338115 
E-mail: biblioteca@unisbc.edu.co | Calle 76 87-14 Robledo Palenque, Medellín, Colombia

Con tecnología Koha